World Rarities & Important Collections (2011) (Record no. 3419)

000 -LEADER
fixed length control field 00267nam a22000977a 4500
008 - FIXED-LENGTH DATA ELEMENTS--GENERAL INFORMATION
fixed length control field 220620b ||||| |||| 00| 0 eng d
100 ## - MAIN ENTRY--AUTHOR'S NAME
Author's Name David Feldman Galleries
245 ## - TITLE STATEMENT
Title World Rarities & Important Collections (2011)
260 ## - PUBLICATION, DISTRIBUTION, ETC. (IMPRINT)
Name of publisher, distributor, etc. Feldman Galleries
650 ## - TOPICAL TERM (Tag)
Topical term or geographic name Rarities
Holdings
Withdrawn status Lost status Source of classification or shelving scheme Damaged status Koha normalized classification for sorting Not for loan Permanent Location Current Location Date acquired Total Checkouts Full call number Barcode Date last seen Copy number Price effective from Koha item type
        G3201 R221 F312   Northern Philatelic Library Northern Philatelic Library 06/20/2022   G3201 R221 F312 1005885 06/20/2022 1 06/20/2022 Auction Catalogs

Powered by Koha